000 00629nas a2200217 4500
001 BR7601116
003 BR-BrBNA
005 20231205082926.0
007 ta
008 230509b bl.|||p| |||| 00| 00por d
040 _aBR-BrBNA
_bpor
_cBiblioteca Nacional de Agricultura
041 _a(Pt)
072 _aL30
100 1 _aFabiani, F.
245 1 _aMoralizacao da mineralizacao [Nutricao animal; Bovino]
650 _aMINERAL
650 _aBOVINO
773 0 _tAtualidades Veterinarias (Brazil)
_xISSN 0100-2759
_g(Jan 1976), v. 5(28) p. 28-31
_wBR7601116
909 _a202311
_bLúcia
_c55
_dLúcia Elande
942 _2AGRIS
_n0
_cANA
999 _c95153
_d95153